000 00340nam a2200145Ia 4500
008 230718s9999 xx 000 0 und d
041 _aEng.
082 _a392.54
_bRAZ-P
100 _aRaza,Ahsan
245 0 _apunjab local gournment act
260 _aPakistan
_bCivil law publisher
_c2013
300 _a102
650 _aLaw
999 _c30413
_d30413